| 000 | 00724nam a2200217Ia 4500 | ||
|---|---|---|---|
| 005 | 20241129104212.0 | ||
| 008 | 241129s9999||||xx |||||||||||||| ||und|| | ||
| 020 | _a9780824832414 | ||
| 037 | _aTextual | ||
| 040 |
_aRTL _beng _cRTL |
||
| 041 |
_aeng _2eng |
||
| 084 |
_aY150aX:77.4 P8 _qRTL |
||
| 100 |
_aFerguson Kathy E.; Mironesco Monique _9725216 |
||
| 245 | 0 |
_aGender and globalization in Asia and the Pacific: Method practice theory _cFerguson Kathy E.; Mironesco Monique |
|
| 260 |
_aHonolulu _bUniversity of HawaiĆ Press _c2008 |
||
| 300 | _axii,420p. | ||
| 365 |
_aINR _b3061.75 |
||
| 650 |
_aGender and Globalization _9725217 |
||
| 942 |
_cTB _hY150aX:77.4 P8 |
||
| 999 |
_c1224859 _d1224859 |
||